000 00493nab a2200145Ia 4500
003 ES-SlBCS
005 20240910154913.0
008 140529s1994 xxu||||| |||| 00| 0 fre d
041 _afre
100 1 _aValadier, Paul
_d(1933-....)
_910909
245 0 0 _aLa morale des affaires: ambigüité d´une référence nécessaire
_c Paul Valadier
650 0 4 _aMoral de los Negocios-Ambigüedad
_9177110
773 0 _tPresença Filosofica
_gvol. 19, nº. 1-2, 1994, págs. 139-142
_wRev966
942 _cAR
999 _c552152
_d552152